Urbanizácia a medziľudské vzťahy

Bibliographic Details
Main Author: Francú, Dušan (Author)
Format: Article
Language:Slovak
Subjects:

MARC

LEADER 00000nab a2200000 a 4500
001 vtls009298066
003 SK-MaSNL
005 20260426085015.0
008 250506c1976 xo |r|p|||||||000 b|slo
015 |a SNBRB1976 
035 |a (uuid)c6864483-7b41-4fe4-bb4a-783e62f2f0e3 
035 |a urn:nbn:sk:snk-ab280v 
035 |a (urnnbn)urn:nbn:sk:snk:ar-a01wwb 
038 |a SNKBUCL 
040 |a SNKBUCL  |b slo  |c SNKBUCL  |e AACR2 
041 0 |a slo 
044 |a xo  |c SK 
080 |a 711.1:316  |2 1997 
080 |a 316  |2 1997 
100 1 |a Francú, Dušan  |4 aut  |9 445384 
245 1 0 |a Urbanizácia a medziľudské vzťahy  |c Dušan Francú 
650 0 7 |a urbanizácia  |2 snkbucl  |9 24028 
650 0 7 |a interpersonálne vzťahy  |2 snkbucl  |9 3770 
651 7 |a Slovensko  |2 snkbucl  |9 14231 
773 0 |t Sociológia  |g Roč. 8, č. 2 (1976), s. 159-175 
850 |a Slovenská národná knižnica 
852 |a Slovenská národná knižnica 
954 |a odborná, vedecká literatúra pôvodná (slovenská)  |2 lita 
958 |a article27 
958 |a SK 
958 |a OND 
958 |a EUIPO 
999 |c 2951213  |d 2953143